[Event "Figueira 2023"]
[Site "?"]
[Date "2023.11.12"]
[Round "9.15"]
[White "Spraggett, Kevin"]
[Black "Walter, Szymon"]
[Result "1-0"]
[BlackElo "2328"]
[WhiteElo "2480"]
[LiveChessVersion "1.4.8"]

1. d4 {[%clk 1:30:57]} Nf6 {[%clk 1:27:46]} 2. c4 {[%clk 1:31:21]} e6
{[%clk 1:27:54]} 3. Nf3 {[%clk 1:31:42]} Bb4+ {[%clk 1:27:46]} 4. Nbd2
{[%clk 1:32:05]} O-O {[%clk 1:26:49]} 5. a3 {[%clk 1:32:22]} Be7 {[%clk 1:26:39]}
6. e4 {[%clk 1:31:39]} d6 {[%clk 1:26:16]} 7. Be2 {[%clk 1:31:56]} Nbd7
{[%clk 1:23:31]} 8. Qc2 {[%clk 1:31:55]} e5 {[%clk 1:20:12]} 9. Nb1
{[%clk 1:31:42]} Re8 {[%clk 1:18:03]} 10. Nc3 {[%clk 1:32:06]} Bf8
{[%clk 1:16:44]} 11. O-O {[%clk 1:27:34]} c6 {[%clk 1:12:05]} 12. d5
{[%clk 1:14:17]} c5 {[%clk 0:48:11]} 13. Bd2 {[%clk 1:08:22]} g6 {[%clk 0:45:59]}
14. g3 {[%clk 1:07:06]} Bg7 {[%clk 0:42:44]} 15. Nh4 {[%clk 1:03:41]} Rf8
{[%clk 0:41:40]} 16. Bg5 {[%clk 1:02:08]} h6 {[%clk 0:32:21]} 17. Be3
{[%clk 0:58:26]} Kh7 {[%clk 0:32:29]} 18. Qd2 {[%clk 0:50:01]} Qe7
{[%clk 0:30:27]} 19. f3 {[%clk 0:49:40]} Ne8 {[%clk 0:17:53]} 20. Rae1
{[%clk 0:47:25]} h5 {[%clk 0:16:39]} 21. Ng2 {[%clk 0:44:44]} a6 {[%clk 0:13:21]}
22. b4 {[%clk 0:41:08]} a5 {[%clk 0:10:28]} 23. b5 {[%clk 0:36:28]} Nb6
{[%clk 0:07:57]} 24. Nd1 {[%clk 0:36:30]} f5 {[%clk 0:07:53]} 25. Nf2
{[%clk 0:35:18]} Nf6 {[%clk 0:07:37]} 26. exf5 {[%clk 0:35:28]} Bxf5
{[%clk 0:07:45]} 27. Nh4 {[%clk 0:34:37]} e4 {[%clk 0:06:44]} 28. Bg5
{[%clk 0:27:46]} Qe5 {[%clk 0:04:25]} 29. Bd3 {[%clk 0:27:25]} Qd4
{[%clk 0:01:22]} 30. fxe4 {[%clk 0:27:06]} Bd7 {[%clk 0:01:35]} 31. e5
{[%clk 0:16:03]} Ng4 {[%clk 0:01:50]} 32. Bxg6+ {[%clk 0:15:26]} Kg8
{[%clk 0:02:15]} 33. Qxd4 {[%clk 0:15:21]} cxd4 {[%clk 0:02:41]} 34. e6
{[%clk 0:15:12]} Be8 {[%clk 0:02:49]} 35. Nxg4 {[%clk 0:14:57]} 1-0

[Event "Figueira 2023"]
[Site "?"]
[Date "2023.11.12"]
[Round "9.16"]
[White "Stella, Andrea"]
[Black "Lach, Aleksandra"]
[Result "0-1"]
[BlackElo "2262"]
[WhiteElo "2431"]
[LiveChessVersion "1.4.8"]

1. d4 {[%clk 1:23:55]} d5 {[%clk 1:30:41]} 2. c4 {[%clk 1:24:17]} c6
{[%clk 1:31:06]} 3. Nf3 {[%clk 1:24:22]} Nf6 {[%clk 1:31:20]} 4. e3
{[%clk 1:24:35]} a6 {[%clk 1:31:08]} 5. Nc3 {[%clk 1:24:23]} b5 {[%clk 1:30:43]}
6. b3 {[%clk 1:24:34]} Bg4 {[%clk 1:30:57]} 7. a4 {[%clk 1:24:49]} bxc4
{[%clk 1:16:59]} 8. bxc4 {[%clk 1:25:09]} Nbd7 {[%clk 1:15:23]} 9. h3
{[%clk 1:20:44]} Bh5 {[%clk 1:07:10]} 10. Be2 {[%clk 1:00:15]} e6
{[%clk 1:00:54]} 11. c5 {[%clk 1:00:27]} a5 {[%clk 0:55:21]} 12. O-O
{[%clk 0:59:55]} Be7 {[%clk 0:46:26]} 13. Bd2 {[%clk 0:44:18]} O-O
{[%clk 0:43:23]} 14. Rb1 {[%clk 0:41:21]} Qc8 {[%clk 0:41:16]} 15. Rb2
{[%clk 0:40:33]} Bd8 {[%clk 0:33:23]} 16. Qb3 {[%clk 0:38:06]} Ra7
{[%clk 0:32:27]} 17. Qc2 {[%clk 0:34:06]} Bxf3 {[%clk 0:25:39]} 18. Bxf3
{[%clk 0:34:32]} e5 {[%clk 0:26:03]} 19. Be2 {[%clk 0:27:47]} Re8
{[%clk 0:21:32]} 20. Rfb1 {[%clk 0:20:57]} Bc7 {[%clk 0:19:45]} 21. Nb5
{[%clk 0:08:44]} cxb5 {[%clk 0:19:24]} 22. axb5 {[%clk 0:09:13]} exd4
{[%clk 0:19:44]} 23. b6 {[%clk 0:08:55]} Bxb6 {[%clk 0:20:08]} 24. cxb6
{[%clk 0:09:11]} Nxb6 {[%clk 0:20:32]} 25. Qxc8 {[%clk 0:08:14]} Nxc8
{[%clk 0:21:00]} 26. Bb5 {[%clk 0:08:40]} Rd8 {[%clk 0:12:32]} 27. exd4
{[%clk 0:09:07]} Ne4 {[%clk 0:12:50]} 28. Be1 {[%clk 0:08:21]} Ne7
{[%clk 0:11:02]} 29. Ba4 {[%clk 0:06:26]} g6 {[%clk 0:05:05]} 30. f3
{[%clk 0:04:13]} Nd6 {[%clk 0:05:28]} 31. Bh4 {[%clk 0:04:29]} Kg7
{[%clk 0:05:42]} 32. Re2 {[%clk 0:04:24]} f6 {[%clk 0:06:01]} 33. g4
{[%clk 0:02:40]} g5 {[%clk 0:04:01]} 34. Bg3 {[%clk 0:01:15]} Ng6
{[%clk 0:02:05]} 35. Bc6 {[%clk 0:00:44]} Nc4 {[%clk 0:01:24]} 36. Bb8
{[%clk 0:00:33]} Rf7 {[%clk 0:01:04]} 37. Rb5 {[%clk 0:00:37]} Ne7
{[%clk 0:00:53]} 38. Ba8 {[%clk 0:00:50]} a4 {[%clk 0:01:00]} 39. Ra2
{[%clk 0:00:42]} a3 {[%clk 0:01:14]} 40. Re2 {[%clk 0:30:51]} Kg6
{[%clk 0:30:38]} 41. Rb7 {[%clk 0:29:04]} Ng8 {[%clk 0:22:52]} 42. Rb5
{[%clk 0:28:41]} Ne7 {[%clk 0:21:52]} 43. Rb7 {[%clk 0:28:54]} Nc8
{[%clk 0:11:25]} 44. Bg3 {[%clk 0:22:01]} N8b6 {[%clk 0:09:30]} 45. Rxf7
{[%clk 0:22:17]} Kxf7 {[%clk 0:09:50]} 46. Bc6 {[%clk 0:22:44]} Rc8
{[%clk 0:09:38]} 47. Bb5 {[%clk 0:22:26]} Ra8 {[%clk 0:09:48]} 48. Ra2
{[%clk 0:22:36]} Ra7 {[%clk 0:07:51]} 49. Be1 {[%clk 0:20:46]} Re7
{[%clk 0:07:43]} 50. Bf2 {[%clk 0:21:14]} Ra7 {[%clk 0:06:06]} 51. Be1
{[%clk 0:21:28]} Nd6 {[%clk 0:05:25]} 52. Bd3 {[%clk 0:21:26]} Nbc4
{[%clk 0:05:27]} 53. Bb4 {[%clk 0:21:15]} Nb5 {[%clk 0:05:45]} 54. Bc5
{[%clk 0:19:05]} Ra8 {[%clk 0:05:57]} 55. Kf2 {[%clk 0:18:58]} Nc3
{[%clk 0:04:07]} 56. Bxc4 {[%clk 0:18:25]} dxc4 {[%clk 0:03:32]} 57. Rxa3
{[%clk 0:18:53]} Rxa3 {[%clk 0:02:36]} 58. Bxa3 {[%clk 0:19:21]} Ke6
{[%clk 0:02:20]} 59. Ke3 {[%clk 0:18:44]} f5 {[%clk 0:02:28]} 60. Bc1
{[%clk 0:17:12]} Nd5+ {[%clk 0:02:07]} 61. Ke2 {[%clk 0:17:26]} f4
{[%clk 0:01:24]} 62. Bd2 {[%clk 0:15:03]} Nc7 {[%clk 0:01:17]} 63. h4
{[%clk 0:13:39]} gxh4 {[%clk 0:01:32]} 64. Bxf4 {[%clk 0:14:04]} Nb5
{[%clk 0:01:57]} 65. Be3 {[%clk 0:08:47]} Kd5 {[%clk 0:02:13]} 66. Kf2
{[%clk 0:08:57]} Nxd4 {[%clk 0:02:20]} 67. Kg2 {[%clk 0:08:31]} c3
{[%clk 0:02:19]} 68. f4 {[%clk 0:08:19]} Ke4 {[%clk 0:02:21]} 69. Bc1
{[%clk 0:08:41]} Ne2 {[%clk 0:02:34]} 70. Ba3 Nxf4+ {[%clk 0:02:40]} 71. Kh2
{[%clk 0:09:26]} Kf3 {[%clk 0:02:41]} 72. g5 {[%clk 0:09:46]} Kg4
{[%clk 0:03:04]} 0-1

[Event "Figueira 2023"]
[Site "?"]
[Date "2023.11.12"]
[Round "9.17"]
[White "Del Rio De Angelis, Salvador G."]
[Black "Povshednyi, Ivan"]
[Result "1-0"]
[BlackElo "2230"]
[WhiteElo "2424"]
[LiveChessVersion "1.4.8"]

1. d4 {[%clk 1:30:52]} Nf6 {[%clk 1:30:52]} 2. c4 {[%clk 1:31:14]} e6
{[%clk 1:31:05]} 3. Nc3 {[%clk 1:31:32]} Bb4 {[%clk 1:31:19]} 4. e3
{[%clk 1:31:53]} O-O {[%clk 1:31:41]} 5. Bd3 {[%clk 1:32:18]} d5 {[%clk 1:32:02]}
6. cxd5 {[%clk 1:32:40]} exd5 {[%clk 1:32:20]} 7. Nge2 {[%clk 1:33:02]} Re8
{[%clk 1:32:26]} 8. O-O {[%clk 1:33:23]} Bf8 {[%clk 1:32:17]} 9. a3
{[%clk 1:31:22]} a5 {[%clk 1:24:54]} 10. Bd2 {[%clk 1:26:02]} b6 {[%clk 1:19:06]}
11. Rc1 {[%clk 1:25:11]} Ba6 {[%clk 1:16:12]} 12. Bxa6 {[%clk 1:23:39]} Nxa6
{[%clk 1:16:20]} 13. Nf4 {[%clk 1:23:50]} c5 {[%clk 1:10:48]} 14. Qf3
{[%clk 1:22:44]} cxd4 {[%clk 1:02:26]} 15. exd4 {[%clk 1:21:54]} Nc7
{[%clk 1:02:14]} 16. Nd3 {[%clk 1:19:33]} Ne4 {[%clk 0:48:53]} 17. Be3
{[%clk 1:19:55]} Bd6 {[%clk 0:46:32]} 18. Nf4 {[%clk 1:16:35]} Qd7
{[%clk 0:40:06]} 19. Nfxd5 {[%clk 1:09:45]} Nxd5 {[%clk 0:39:04]} 20. Nxe4
{[%clk 1:10:09]} Rad8 {[%clk 0:33:00]} 21. Nc3 {[%clk 1:09:11]} Nxc3
{[%clk 0:32:32]} 22. Rxc3 {[%clk 1:09:35]} b5 {[%clk 0:31:53]} 23. Rd1
{[%clk 1:05:51]} b4 {[%clk 0:31:13]} 24. axb4 {[%clk 1:06:07]} Bxb4
{[%clk 0:31:27]} 25. Rcc1 {[%clk 1:06:05]} Rc8 {[%clk 0:28:19]} 26. g3
{[%clk 1:04:32]} h6 {[%clk 0:28:03]} 27. Kg2 {[%clk 1:04:33]} Rxc1
{[%clk 0:27:08]} 28. Rxc1 {[%clk 1:04:08]} Rd8 {[%clk 0:26:22]} 29. Rc6
{[%clk 0:59:34]} Bf8 {[%clk 0:26:05]} 30. Rb6 {[%clk 0:57:45]} a4
{[%clk 0:20:48]} 31. Rb7 {[%clk 0:50:23]} Qe6 {[%clk 0:20:40]} 32. Ra7
{[%clk 0:50:17]} Qb3 {[%clk 0:20:20]} 33. Qc6 {[%clk 0:49:58]} Rb8
{[%clk 0:17:33]} 34. d5 {[%clk 0:46:49]} Rd8 {[%clk 0:16:25]} 35. Rxa4
{[%clk 0:46:51]} Qxb2 {[%clk 0:15:36]} 36. Bf4 {[%clk 0:42:40]} Qb3
{[%clk 0:14:01]} 37. Rd4 {[%clk 0:40:05]} Qb2 {[%clk 0:13:20]} 38. Rc4
{[%clk 0:32:17]} Qe2 {[%clk 0:09:23]} 39. Bc7 {[%clk 0:32:15]} Rc8
{[%clk 0:09:31]} 40. Rd4 {[%clk 0:57:11]} Qb2 {[%clk 0:36:31]} 41. Rf4
{[%clk 0:56:36]} Qe2 {[%clk 0:27:57]} 42. Qd7 {[%clk 0:53:03]} Qe8
{[%clk 0:28:12]} 43. Qxe8 {[%clk 0:53:21]} Rxe8 {[%clk 0:28:41]} 44. d6
{[%clk 0:53:42]} Ra8 {[%clk 0:28:20]} 45. d7 {[%clk 0:53:51]} Be7
{[%clk 0:28:42]} 46. Rd4 {[%clk 0:54:15]} Bd8 {[%clk 0:28:52]} 47. Re4
{[%clk 0:54:40]} 1-0

[Event "Figueira 2023"]
[Site "?"]
[Date "2023.11.12"]
[Round "9.18"]
[White "Romanishin, Oleg M"]
[Black "Chitlange, Sakshi"]
[Result "1-0"]
[BlackElo "2224"]
[WhiteElo "2389"]
[LiveChessVersion "1.4.8"]

1. Nf3 d5 2. g3 Nf6 3. Bg2 c5 4. O-O e6 5. d4 Nc6 6. c4 dxc4 7. Ne5 Bd7 8. Na3
cxd4 9. Naxc4 Be7 10. Qb3 Qc7 11. Nxc6 Bxc6 12. Bf4 Qd8 13. Bxc6+ bxc6 14. Ne5 c5
15. Qa4+ Kf8 16. Rac1 Qe8 17. Qa5 Nd5 18. Bd2 h5 19. h4 Nb6 20. Nd3 c4 21. Ne5 c3
22. bxc3 f6 23. Nf3 Nc4 24. Qa6 Nxd2 25. Nxd2 dxc3 26. Rxc3 Bb4 27. Rd3 Qc8 28.
Qa4 Bxd2 29. Rxd2 Qc5 30. Rfd1 Kf7 31. Rc2 Qe5 32. Rd7+ Kg6 33. Rcc7 Rhg8 34. Qc4
Rab8 35. Rc5 Rb1+ 36. Kg2 Qa1 37. Qe4+ Kh6 38. Rxh5+ 1-0

[Event "Figueira 2023"]
[Site "?"]
[Date "2023.11.12"]
[Round "9.19"]
[White "Lewtak, Damian"]
[Black "Koridze, Lile"]
[Result "1/2-1/2"]
[BlackElo "2161"]
[WhiteElo "2356"]
[LiveChessVersion "1.4.8"]

1. e4 c5 2. Nf3 d6 3. Bb5+ Nd7 4. O-O a6 5. Bxd7+ Bxd7 6. d4 cxd4 7. Qxd4 Nf6 8.
Bg5 e6 9. Nc3 Bc6 10. Rad1 Be7 11. Rfe1 O-O 12. Bxf6 Bxf6 13. Qxd6 Qa5 14. Qd2
Bxc3 15. Qxc3 Qxc3 16. bxc3 Rac8 17. Nd4 Ba4 18. Re3 Rc4 19. f3 Rfc8 20. Nb3 Kf8
21. Kf2 Rxc3 22. Rxc3 Rxc3 23. Rd2 Ke7 24. Ke2 Bb5+ 25. Kd1 Rc4 26. Kc1 Rc7 27.
Kb2 Rd7 28. e5 Bc4 29. Rxd7+ Kxd7 30. Nd2 Bd5 31. c4 Bc6 32. Kc3 b6 33. Kd4 Kc7
34. a3 Bb7 35. g3 Bc6 36. f4 h5 37. Nb3 Ba4 38. Nc1 Bc2 39. Kc3 Be4 40. Nb3 Kc6
41. Kb4 Kc7 42. Nd4 g6 43. Nb3 Bc6 44. Kc3 Be4 45. Kd4 Bb7 46. Nc1 Bc6 47. Nd3
Bg2 48. Nf2 Kc6 49. g4 b5 50. gxh5 gxh5 51. c5 a5 52. Nd1 b4 53. axb4 axb4 54.
Kc4 b3 55. Kxb3 Kxc5 56. Kc3 Be4 57. Ne3 1/2-1/2

[Event "Figueira 2023"]
[Site "?"]
[Date "2023.11.12"]
[Round "9.20"]
[White "Almeida, Joao Pedro Dias"]
[Black "Pablo Mari, Alejandro"]
[Result "0-1"]
[BlackElo "2347"]
[WhiteElo "1884"]
[LiveChessVersion "1.4.8"]

1. e4 c5 2. Nf3 d6 3. d4 cxd4 4. Nxd4 Nf6 5. Nc3 a6 6. Be2 e5 7. Nf3 h6 8. Nd2
Be6 9. Nc4 b5 10. Ne3 Nbd7 11. f3 Nb6 12. Ncd5 Be7 13. O-O O-O 14. Qd3 Bxd5 15.
exd5 Qc7 16. Rd1 Rfe8 17. c3 Bf8 18. b3 g6 19. Bb2 Bg7 20. Rac1 Qa7 21. c4 bxc4
22. bxc4 Na4 23. Ba1 Nh5 24. Qa3 Nf4 25. Bf1 Nc5 26. Re1 Rab8 27. g3 Nh5 28. Kh1
f5 29. Nc2 Qb6 30. Bc3 e4 31. f4 Bxc3 32. Qxc3 Qb2 33. Nd4 Nf6 34. h3 Qxc3 35.
Rxc3 Rb2 36. Ra3 Reb8 37. Ree3 Rb1 38. Kg2 R8b2+ 39. Be2 Ra1 40. Nb3 Nxb3 41.
Raxb3 Raxa2 42. Kf2 Nd7 43. Rxb2 Rxb2 44. Ra3 Nc5 45. g4 Rb3 46. Rxb3 Nxb3 47.
Ke3 Kg7 48. Bd1 Nc5 49. Kd4 Kf6 50. h4 fxg4 51. Bxg4 h5 52. Bh3 a5 0-1

[Event "Figueira 2023"]
[Site "?"]
[Date "2023.11.12"]
[Round "9.21"]
[White "Goncalves, Samuel Jesus P"]
[Black "Kistrup, Nicolai"]
[Result "0-1"]
[BlackElo "2330"]
[WhiteElo "2136"]
[LiveChessVersion "1.4.8"]

1. e4 {[%clk 1:29:29]} e5 {[%clk 1:28:06]} 2. Nf3 {[%clk 1:29:40]} Nc6
{[%clk 1:28:31]} 3. Bc4 {[%clk 1:30:03]} Nf6 {[%clk 1:28:45]} 4. d3
{[%clk 1:30:26]} Bc5 {[%clk 1:29:01]} 5. c3 {[%clk 1:30:49]} O-O {[%clk 1:28:53]}
6. O-O {[%clk 1:31:12]} d6 {[%clk 1:28:17]} 7. Re1 {[%clk 1:31:30]} a5
{[%clk 1:28:35]} 8. h3 {[%clk 1:31:35]} Ba7 {[%clk 1:28:37]} 9. Bb3
{[%clk 1:31:45]} h6 {[%clk 1:21:13]} 10. d4 {[%clk 1:30:22]} Re8 {[%clk 1:19:30]}
11. Bc2 {[%clk 1:28:38]} Bd7 {[%clk 1:15:53]} 12. a3 {[%clk 1:13:59]} g5
{[%clk 1:10:00]} 13. Qd3 {[%clk 1:01:56]} Nh5 {[%clk 0:34:19]} 14. b4
{[%clk 0:55:09]} Qf6 {[%clk 0:30:43]} 15. b5 {[%clk 0:54:54]} Nb8
{[%clk 0:29:16]} 16. a4 {[%clk 0:53:28]} Kh8 {[%clk 0:26:31]} 17. Na3
{[%clk 0:44:27]} Nf4 {[%clk 0:20:17]} 18. Bxf4 {[%clk 0:44:46]} gxf4
{[%clk 0:18:14]} 19. Nc4 {[%clk 0:44:36]} Rg8 {[%clk 0:16:18]} 20. dxe5
{[%clk 0:37:59]} Qg6 {[%clk 0:13:34]} 21. Nh4 {[%clk 0:37:59]} Qg5
{[%clk 0:12:49]} 22. b6 {[%clk 0:36:41]} Qxh4 {[%clk 0:12:40]} 23. e6
{[%clk 0:33:55]} Bxe6 {[%clk 0:07:03]} 24. e5 {[%clk 0:34:19]} Rg7
{[%clk 0:06:56]} 25. bxa7 {[%clk 0:27:20]} Bxh3 {[%clk 0:06:43]} 26. axb8=Q+
{[%clk 0:25:56]} Rxb8 {[%clk 0:07:08]} 27. g3 {[%clk 0:24:15]} fxg3
{[%clk 0:06:40]} 28. f4 {[%clk 0:24:39]} Bg4 {[%clk 0:01:41]} 29. Re2
{[%clk 0:22:26]} Bxe2 {[%clk 0:01:58]} 30. Qxe2 {[%clk 0:22:51]} g2
{[%clk 0:02:17]} 31. Ne3 {[%clk 0:22:08]} Qh1+ {[%clk 0:02:34]} 32. Kf2
{[%clk 0:22:34]} g1=Q+ {[%clk 0:01:40]} 33. Rxg1 {[%clk 0:22:57]} Qxg1+
{[%clk 0:01:48]} 34. Kf3 {[%clk 0:23:22]} Qh1+ {[%clk 0:01:55]} 35. Kf2
{[%clk 0:23:42]} Qh2+ {[%clk 0:00:52]} 36. Ke1 {[%clk 0:24:05]} Rg1+
{[%clk 0:01:02]} 37. Kd2 {[%clk 0:24:28]} Qxe2+ {[%clk 0:01:04]} 38. Kxe2
{[%clk 0:24:56]} dxe5 {[%clk 0:01:26]} 39. fxe5 {[%clk 0:25:18]} Re8
{[%clk 0:01:45]} 40. Nc4 {[%clk 0:55:33]} Rg4 {[%clk 0:31:41]} 0-1

[Event "Figueira 2023"]
[Site "?"]
[Date "2023.11.12"]
[Round "9.22"]
[White "Ribeiro, Gustavo"]
[Black "Jai, Sankar Subramanian"]
[Result "1/2-1/2"]
[BlackElo "1890"]
[WhiteElo "2212"]
[LiveChessVersion "1.4.8"]

1. e4 {[%clk 1:30:58]} e6 {[%clk 1:13:06]} 2. d4 {[%clk 1:30:09]} d5
{[%clk 1:11:40]} 3. exd5 {[%clk 1:29:34]} exd5 {[%clk 1:12:07]} 4. Bd3
{[%clk 1:29:58]} Bd6 {[%clk 1:12:34]} 5. Ne2 {[%clk 1:29:59]} Ne7
{[%clk 1:13:02]} 6. O-O {[%clk 1:30:14]} O-O {[%clk 1:13:28]} 7. Bf4
{[%clk 1:29:46]} Nbc6 {[%clk 1:13:38]} 8. c3 {[%clk 1:29:32]} Bf5
{[%clk 1:13:47]} 9. Bxf5 {[%clk 1:29:16]} Nxf5 {[%clk 1:14:14]} 10. Nd2
{[%clk 1:29:36]} Nce7 {[%clk 1:14:17]} 11. Qc2 {[%clk 1:28:11]} Qd7
{[%clk 1:12:40]} 12. Nf3 {[%clk 1:26:26]} Ng6 {[%clk 1:12:08]} 13. Bxd6
{[%clk 1:24:51]} Nxd6 {[%clk 1:12:35]} 14. Ng3 {[%clk 1:25:12]} Rae8
{[%clk 1:12:26]} 15. Rfd1 {[%clk 1:22:52]} f5 {[%clk 1:10:18]} 16. Ne5
{[%clk 1:23:12]} Qe6 {[%clk 0:57:37]} 17. Re1 {[%clk 1:12:59]} Ne4
{[%clk 0:56:23]} 18. f3 {[%clk 1:12:19]} Nxg3 {[%clk 0:54:24]} 19. hxg3
{[%clk 1:11:53]} Nxe5 {[%clk 0:54:52]} 20. Rxe5 {[%clk 1:09:49]} Qg6
{[%clk 0:55:09]} 21. Qf2 {[%clk 1:09:48]} Rxe5 {[%clk 0:53:15]} 22. dxe5
{[%clk 1:10:14]} Qb6 {[%clk 0:53:44]} 23. Qxb6 {[%clk 1:10:02]} axb6
{[%clk 0:54:12]} 24. Rd1 {[%clk 1:10:25]} Rd8 {[%clk 0:51:40]} 25. Kf2
{[%clk 1:09:18]} Kf7 {[%clk 0:51:56]} 26. f4 {[%clk 1:03:49]} Ke6
{[%clk 0:51:35]} 27. Kf3 {[%clk 1:03:44]} h5 {[%clk 0:51:13]} 28. Ke3
{[%clk 1:04:02]} Ra8 {[%clk 0:50:47]} 29. a3 {[%clk 1:04:10]} Ra4
{[%clk 0:50:40]} 30. Kd3 {[%clk 1:04:14]} b5 {[%clk 0:48:32]} 31. Ra1
{[%clk 1:01:29]} Re4 {[%clk 0:46:12]} 32. Rh1 {[%clk 0:59:36]} g6
{[%clk 0:45:15]} 33. b4 {[%clk 0:55:58]} b6 {[%clk 0:44:03]} 34. Kd2
{[%clk 0:52:41]} Rc4 {[%clk 0:41:49]} 35. Rf1 {[%clk 0:49:51]} Re4
{[%clk 0:42:02]} 36. Rf3 {[%clk 0:49:55]} Ke7 {[%clk 0:41:46]} 37. Rd3
{[%clk 0:49:12]} Ke6 {[%clk 0:40:36]} 38. Rd4 {[%clk 0:48:28]} c5
{[%clk 0:36:24]} 39. Rd3 {[%clk 0:47:39]} h4 {[%clk 0:33:52]} 40. Rf3
{[%clk 1:15:45]} hxg3 {[%clk 1:02:56]} 41. Rxg3 {[%clk 1:15:26]} Rxf4
{[%clk 1:03:24]} 42. Rxg6+ {[%clk 1:15:46]} Kxe5 {[%clk 1:03:52]} 43. Rxb6
{[%clk 1:13:46]} Rf2+ {[%clk 1:01:53]} 44. Ke3 {[%clk 1:13:45]} Rxg2
{[%clk 1:01:41]} 45. bxc5 {[%clk 1:14:08]} f4+ {[%clk 1:01:16]} 46. Kd3
{[%clk 1:14:29]} Rg3+ {[%clk 1:01:25]} 47. Kd2 {[%clk 1:11:26]} Rg2+
{[%clk 1:00:05]} 48. Kd3 {[%clk 1:11:31]} Rg3+ {[%clk 1:00:03]} 49. Kc2
{[%clk 1:10:47]} Rg2+ {[%clk 0:56:05]} 50. Kd3 {[%clk 1:02:41]} Rg3+
{[%clk 0:56:31]} 51. Kc2 {[%clk 1:03:01]} Rg2+ {[%clk 0:56:25]} 52. Kd3
{[%clk 1:03:23]} Rg3+ {[%clk 0:56:53]} 53. Kd2 {[%clk 1:03:46]} Rg2+
{[%clk 0:57:13]} 54. Kd3 {[%clk 1:04:09]} 1/2-1/2